Largest European Cities by Decade (1300-1390) - Statistics

General Stats
  • This quiz has been taken 50 times
  • The average score is 49 of 70
Answer Stats
Year Rank Population Answer % Correct
6. 75,000 Paris
100%
7. 78,000 Paris
100%
7. 81,000 Paris
100%
7. 84,000 Paris
100%
7. 87,000 Paris
100%
1300 1. 100,000 Constantinople
94%
2. 100,000 Constantinople
94%
2. 100,000 Constantinople
94%
4. 100,000 Constantinople
94%
4. 100,000 Constantinople
94%
4. 43,000 Constantinople
94%
2. 50,000 Constantinople
94%
2. 58,000 Constantinople
94%
2. 65,000 Constantinople
94%
2. 72,000 Constantinople
94%
2. 99,000 Milan
83%
1310 1. 104,000 Milan
83%
1320 1. 108,000 Milan
83%
1330 1. 113,000 Milan
83%
1340 1. 117,000 Milan
83%
1350 1. 50,000 Milan
83%
1360 1. 58,000 Milan
83%
1370 1. 66,000 Milan
83%
1380 1. 74,000 Milan
83%
1390 1. 82,000 Milan
83%
4. 90,000 Venice
81%
3. 94,000 Venice
81%
3. 98,000 Venice
81%
3. 103,000 Venice
81%
3. 107,000 Venice
81%
3. 44,000 Venice
81%
3. 46,000 Venice
81%
4. 48,000 Venice
81%
5. 50,000 Venice
81%
5. 52,000 Venice
81%
7. 37,000 Florence
74%
7. 40,000 Florence
74%
7. 44,000 Florence
74%
7. 48,000 Florence
74%
7. 51,000 Florence
74%
5. 86,000 Genoa
68%
5. 89,000 Genoa
68%
6. 92,000 Genoa
68%
5. 95,000 Genoa
68%
5. 98,000 Genoa
68%
5. 40,000 Genoa
68%
6. 43,000 Genoa
68%
5. 46,000 Genoa
68%
6. 49,000 Genoa
68%
6. 52,000 Genoa
68%
3. 90,000 Seville
64%
4. 91,000 Seville
64%
5. 92,000 Seville
64%
6. 93,000 Seville
64%
6. 94,000 Seville
64%
6. 39,000 Seville
64%
4. 45,000 Seville
64%
3. 51,000 Seville
64%
3. 58,000 Seville
64%
3. 63,000 Seville
64%
6. 46,000 Ghent
40%
4. 52,000 Ghent
40%
4. 57,000 Ghent
40%
7. 75,000 Sarai
9%
6. 85,000 Sarai
9%
4. 95,000 Sarai
9%
2. 105,000 Sarai
9%
2. 115,000 Sarai
9%
2. 47,000 Sarai
9%
5. 43,000 Sarai
9%
No matching quizzes found
Score Distribution
Percent of People with Each Score
Percentile by Number Answered
Your Score History
You have not taken this quiz